[Event "Fouesnant op 14th"]
[Site "Fouesnant"]
[Date "2008.10.28"]
[Round "5"]
[White "Hutois, Christophe"]
[Black "Verhaegen, Valentine"]
[Result "1-0"]
[WhiteElo "1554"]
[BlackElo "1270"]
[PlyCount "35"]
[EventDate "2008.10.25"]
[EventType "swiss"]
[EventRounds "9"]
[EventCountry "FRA"]
[SourceTitle "EXT 2009"]
[Source "ChessBase"]
[SourceDate "2008.11.26"]
[SourceVersion "1"]
[SourceVersionDate "2008.11.26"]
[SourceQuality "1"]

1. e4 e5 2. Nf3 Nc6 3. Bc4 Nf6 4. d3 Bc5 5. Bg5 0-0 6. Nc3 d6 7. Nd5 Be6 8. Bxf6 gxf6 9. c3 Bxd5 10. Bxd5 Qd7 11. b4 Bb6 12. 0-0 Rab8 13. Nh4 Ne7 14. Bb3 Kh8 15. Qf3 Ng8 16. Nf5 Ne7 17. Nh6 Nc6 18. Qxf6# 1-0

[Event "Fouesnant op 14th"]
[Site "Fouesnant"]
[Date "2008.10.26"]
[Round "2"]
[White "Fraval, Guy"]
[Black "Verhaegen, Valentine"]
[Result "1-0"]
[WhiteElo "1490"]
[BlackElo "1270"]
[PlyCount "95"]
[EventDate "2008.10.25"]
[EventType "swiss"]
[EventRounds "9"]
[EventCountry "FRA"]
[SourceTitle "EXT 2009"]
[Source "ChessBase"]
[SourceDate "2008.11.26"]
[SourceVersion "1"]
[SourceVersionDate "2008.11.26"]
[SourceQuality "1"]

1. d4 d5 2. c4 c6 3. Nf3 Bf5 4. Nc3 f6 5. e3 Qd6 6. cxd5 cxd5 7. Nh4 e6 8. Nxf5 exf5 9. Bd3 Ne7 10. 0-0 Nbc6 11. b3 g6 12. Nb5 Qd7 13. Ba3 a6 14. Nd6+ Kd8 15. Nf7+ Kc8 16. Nxh8 Qe6 17. b4 b5 18. Qc2 Kd8 19. Rfc1 Rc8 20. Qd2 Qg8 21. Nxg6 hxg6 22. Bb2 Qh7 23. a4 Ng8 24. axb5 Bxb4 25. Bc3 axb5 26. Bxb4 Nxb4 27. Rxc8+ Kxc8 28. Qxb4 Qc7 29. Qc5 Ne7 30. Qxc7+ Kxc7 31. Bxb5 Kb6 32. Be2 Nc6 33. Rb1+ Ka5 34. Rb5+ Ka4 35. Rxd5 Kb4 36. Rd6 Kc3 37. Rxc6+ Kd2 38. Bf3 Kd3 39. d5 g5 40. h3 f4 41. exf4 gxf4 42. d6 f5 43. Ra6 Kd2 44. d7 Ke1 45. Kh2 Kf1 46. d8Q Kxf2 47. Qd2+ Kf1 48. Ra1# 1-0